00751nam a2200193 a 450000100100000000500170001000800410002702000150006804000250008308200160010810000390012424500840016326000440024730000460029150400740033704900090041195201200042099900170054000002381020200930022501.0110113s1989 gaubch r 000 f eng d a0934601720 aDO-SdBNPbspacBNPHU annnnbF737k1 aFortenberry, Ken H.,d1951-94901610aKill the messenger :bone man´s fight bigotry and greed /cKen H. Fortenberry. aAtlanta :bPeachtree Publishers,c1989. a178 p. :bmapas, retrs., fascs. ;c24 cm. aIncluye referencias bibliográficas y notas al pie de las páginas. aBNGR 001052708MOaGRbGRcCTd2011-01-13iLF1l0onnnn F737kp23810-10r2020-06-25w2020-06-25y2ZPréstamo interno c23306d23306